000 00655nam a2200241Ia 4500
003 OSt
005 20220924123533.0
006 a|||||r|||| 00| 0
007 ta
008 220923b |||||||| |||| 00| 0 pan d
024 _a42024
037 _cTextual
040 _aARTS
_cARTS
_bpan
041 _2pan
_apan
082 _aO153:gN, 111M0
100 _aTasneem N S
_9193100
245 0 _aStudies in modern Punjabi literature
260 _aNew Delhi
_b Avishar Prakashan India
_c1980
300 _a163p.
_ccm.
650 _aPUNJABI LITERATURE
942 _hO153:gN, 111M0
_cTEXL
_2CC
999 _c416168
_d416168